AH International Schools' Libraries

Serena Williams / (Record no. 49245)

MARC details
000 -LEADER
fixed length control field 00592nam a2200157 4500
020 ## - INTERNATIONAL STANDARD BOOK NUMBER
International Standard Book Number 9780702302848
100 ## - MAIN ENTRY--PERSONAL NAME
Personal name Shepard, Sarah.
9 (RLIN) 86506
245 ## - TITLE STATEMENT
Title Serena Williams /
Statement of responsibility, etc Sarah Shepard.
260 ## - PUBLICATION, DISTRIBUTION, ETC. (IMPRINT)
Place of publication, distribution, etc London:
Name of publisher, distributor, etc Scholastic;
Date of publication, distribution, etc 2021.
300 ## - PHYSICAL DESCRIPTION
Extent 288 p.
Other physical details ill.
Dimensions 20 cm.
490 ## - SERIES STATEMENT
Series statement A life Story series;
520 ## - SUMMARY, ETC.
Summary, etc Serena Williams: tennis player, sports icon, champion. Get your head in the game with one of the greatest athletes of all time.
650 ## - SUBJECT ADDED ENTRY--TOPICAL TERM
Topical term or geographic name as entry element African American women. Tennis player.
Form subdivision Biography.
9 (RLIN) 86507
650 ## - SUBJECT ADDED ENTRY--TOPICAL TERM
Topical term or geographic name as entry element Serena Williams, 1981-
9 (RLIN) 86508
942 ## - ADDED ENTRY ELEMENTS (KOHA)
Source of classification or shelving scheme
Koha item type NON FIC SECTION
Holdings
Withdrawn status Lost status Source of classification or shelving scheme Damaged status Not for loan Collection code Home library Current library Shelving location Date acquired Total Checkouts Full call number Barcode Date last seen Date checked out Price effective from Koha item type
          Non-Fiction Asian Hope Secondary Library Asian Hope Secondary Library SECONDARY 08/12/2025 1 B 796.342 SHE 208309 01/16/2026 09/02/2025 08/12/2025 NON FIC SECTION

For any Logos Library related questions please contact Miss Art at swongnarasuk@asianhope.org.

For any Asian Hope Library related questions please contact Miss Raza at graza@asianhope.org.

Click here to explore our ebooks!

Powered by Koha